[Event "Moscow Open 2009 A"]
[Site ""]
[Date "2009.02.05"]
[Round "6.128"]
[White "Korovianski, Dmitry"]
[Black "Mukashev, Assan"]
[Result "1-0"]
[WhiteElo "2281"]
[BlackElo "2071"]
[Annotator ""]
[Source ""]
[Remark ""]

1.d4 d5 2.Nf3 Nf6 3.c4 c6 4.e3 g6 5.Nc3 Bg7 6.h3 O-O 7.Bd3 dxc4
8.Bxc4 b5 9.Bd3 Nbd7 10.O-O Bb7 11.Bd2 Ne8 12.a4 a6 13.Ne4 Nc7
14.Ba5 Qb8 15.Rc1 Nd5 16.Nc5 Nxc5 17.Rxc5 Qd6 18.Qc2 Nf6 19.Ne5
Nd7 20.Nxd7 Qxd7 21.Be4 f5 22.Bxc6 Bxc6 23.Rxc6 f4 24.Qe4 fxe3
25.fxe3 Rxf1+ 26.Kxf1 bxa4 27.Rc7 Qb5+ 28.Kg1 Re8 29.Qe6+ Kf8
30.Bb6 Qf5 31.Qxf5+ gxf5 32.Bc5 Bh6 33.Kf2 Bg5 34.Rb7 f4 35.e4
a5 36.Kf3 h5 37.e5 Kf7 38.Ke4 Kg6 39.d5 e6 40.d6 Rc8 41.Kd4 Kf5
42.Rg7 Bh4 43.d7 Rd8 1-0

[Event "Moscow Open 2009 A"]
[Site ""]
[Date "2009.02.05"]
[Round "6.130"]
[White "Gnydka, Yaroslav"]
[Black "Bobylev, Valentin"]
[Result "1-0"]
[WhiteElo "2098"]
[BlackElo "2186"]
[Annotator ""]
[Source ""]
[Remark ""]

1.e4 c5 2.Nf3 g6 3.d4 Bg7 4.c4 d6 5.Nc3 cxd4 6.Nxd4 Nf6 7.Be2
Nc6 8.Be3 O-O 9.f3 a6 10.Qd2 Nxd4 11.Bxd4 Bd7 12.O-O Qa5 13.Rfd1
Rfe8 14.a3 Nh5 15.Nd5 Qxd2 16.Rxd2 Bxd4+ 17.Rxd4 Rab8 18.b4 Kf8
19.a4 Red8 20.a5 g5 21.g3 Ng7 22.Rd2 f5 23.b5 Be6 24.Nc7 fxe4
25.fxe4 Bc8 26.bxa6 bxa6 27.c5 Ne6 28.Nxe6+ Bxe6 29.c6 Ra8 30.Rb1
Ra7 31.Rb7 Rda8 32.Rdb2 Rc8 33.Rxa7 1-0

[Event "Moscow Open 2009 A"]
[Site ""]
[Date "2009.02.05"]
[Round "6.132"]
[White "Mamedov, Elshad"]
[Black "Matjukhin, Anatolij"]
[Result "1-0"]
[WhiteElo "2129"]
[BlackElo "1400"]
[Annotator ""]
[Source ""]
[Remark ""]

1.c3 d5 2.d3 e5 3.h3 Nf6 4.g4 Nc6 5.Bg2 Be6 6.Qc2 Bd6 7.Nd2 Qe7
8.b4 O-O 9.a3 Nd7 10.Nf1 f5 11.gxf5 Rxf5 12.Ne3 Rxf2 13.Kxf2
Qh4+ 14.Kf1 Rf8+ 15.Bf3 e4 16.dxe4 dxe4 17.Ng2 Qg3 18.Qxe4 Nd8
19.Be3 Nf6 20.Qh4 Qe5 21.Bd4 Qb5 22.Ke1 Nc6 23.a4 Qf5 24.Bxf6
Rxf6 25.Rc1 1-0

[Event "Moscow Open 2009 A"]
[Site ""]
[Date "2009.02.05"]
[Round "6.133"]
[White "Mingaleev, Ildar"]
[Black "Kaljaev, Viacheslav"]
[Result "1/2-1/2"]
[WhiteElo "2009"]
[BlackElo "2106"]
[Annotator ""]
[Source ""]
[Remark ""]

1.e4 e5 2.f4 Bc5 3.Nf3 d6 4.c3 Nf6 5.d4 exd4 6.cxd4 Bb6 7.Nc3
O-O 8.Be2 Qe8 9.Qd3 c5 10.d5 Ng4 11.Qc4 f5 12.h3 fxe4 13.Nxe4
Nh6 14.Nxd6 Qg6 15.Nxc8 Qg3+ 16.Kf1 Rxc8 17.Ng5 Rf8 18.Ne4 Qg6
19.g4 Nd7 20.Rh2 Rae8 21.Nf2 Qd6 22.Rg2 a6 23.Bd3 Ba5 24.Ne4
Qe5 25.Rf2 Qb8 26.Nxc5 Re1+ 27.Kg2 Nxc5 28.Qxc5 b5 29.Qc2 Rc8
30.Bxh7+ Kh8 31.Qg6 Bb6 32.Rf1 Rxf1 33.Kxf1 Rxc1+ 34.Rxc1 Qxf4+
35.Ke2 Qxc1 36.Qxb6 Qxb2+ 37.Kd3 Qa3+ 38.Ke4 Kxh7 39.g5 Qb4+
40.Ke5 Nf7+ 41.Ke6 Nxg5+ 42.Kf5 Qe4+ 43.Kxg5 Qxd5+ 44.Kg4 Qxa2
45.Qd6 Qc4+ 46.Kg5 Qc1+ 47.Kg4 Qh6 48.Qc5 Qe6+ 49.Kg3 Qb3+ 50.Kg2
Qb1 51.Qh5+ 1/2-1/2

[Event "Moscow Open 2009 A"]
[Site ""]
[Date "2009.02.05"]
[Round "6.134"]
[White "Popilski, Mordechai"]
[Black "Galiaev, Andrey"]
[Result "1/2-1/2"]
[WhiteElo "1400"]
[BlackElo "2288"]
[Annotator ""]
[Source ""]
[Remark ""]

1.d4 d5 2.Nf3 Nf6 3.g3 Bg4 4.Bg2 Bxf3 5.Bxf3 c6 6.O-O Nbd7 7.b3
e6 8.c4 Bd6 9.Nc3 Qe7 10.e4 dxe4 11.Nxe4 Nxe4 12.Bxe4 h6 13.f4
Nf6 14.Bg2 O-O 15.Bb2 Ba3 16.Qc1 Bxb2 17.Qxb2 Rad8 18.Rad1 a5
19.Bf3 h5 20.a3 Qc7 21.Rd2 Rd7 22.b4 Rfd8 23.Rfd1 h4 24.Kg2 axb4
25.axb4 b6 26.Ra1 c5 27.Rad1 hxg3 28.hxg3 cxd4 29.Rxd4 Rxd4 30.Rxd4
Re8 31.Qd2 e5 32.fxe5 Rxe5 33.Rd8+ Re8 34.Rxe8+ Nxe8 1/2-1/2

[Event "Moscow Open 2009 A"]
[Site ""]
[Date "2009.02.05"]
[Round "6.135"]
[White "Markevich, Arseniy"]
[Black "Gorin, Alexandr"]
[Result "0-1"]
[WhiteElo "2116"]
[BlackElo "2004"]
[Annotator ""]
[Source ""]
[Remark ""]

1.d4 d5 2.Nc3 h6 3.e4 dxe4 4.Nxe4 Nf6 5.Nxf6+ exf6 6.Bd3 Bd6
7.Qf3 O-O 8.Ne2 c5 9.d5 Nd7 10.Qe4 f5 11.Qxf5 Nf6 12.Qf3 Bg4
13.Qe3 Nxd5 14.Qe4 Nf6 15.Qxb7 Re8 16.h3 Rb8 17.Qxa7 Be6 18.c4
Bc7 19.Qa3 Bxc4 20.Bxc4 Ba5+ 21.Qxa5 Qxa5+ 0-1

[Event "Moscow Open 2009 A"]
[Site ""]
[Date "2009.02.05"]
[Round "6.136"]
[White "Margulis, Daniil"]
[Black "Kim, Timur"]
[Result "0-1"]
[WhiteElo "1400"]
[BlackElo "2010"]
[Annotator ""]
[Source ""]
[Remark ""]

1.e4 d6 2.d4 Nf6 3.Nc3 c6 4.Nf3 Bg4 5.Bd3 e5 6.dxe5 dxe5 7.h3
Bxf3 8.Qxf3 Nbd7 9.Bg5 Be7 10.O-O-O Qc7 11.Bc4 b5 12.Bb3 a5 13.a4
b4 14.Ne2 c5 15.Bc4 O-O 16.Ng3 Nb6 17.Qb3 Nxc4 18.Qxc4 g6 19.Rd3
Rad8 20.Rhd1 Kg7 21.Nf1 Rd4 22.Rxd4 exd4 23.Rxd4 Qe5 24.Bxf6+
Bxf6 25.Rd3 Qxb2+ 26.Kd1 Qb1+ 27.Ke2 Bc3 28.Ne3 Bd4 29.Nd5 Qg1 0-1

[Event "Moscow Open 2009 A"]
[Site ""]
[Date "2009.02.05"]
[Round "6.137"]
[White "Lyubokhiner, Leonid M"]
[Black "Kapustin, Nikolay"]
[Result "0-1"]
[WhiteElo "1792"]
[BlackElo "1678"]
[Annotator ""]
[Source ""]
[Remark ""]

1.e4 c5 2.Nf3 Nc6 3.Bb5 a6 4.Bxc6 dxc6 5.O-O Bg4 6.h3 Bh5 7.d3
e6 8.Nc3 h6 9.g4 Bg6 10.Bf4 Be7 11.Qd2 f6 12.Bg3 e5 13.Nh4 Bf7
14.Rad1 g5 15.Nf5 Bf8 16.Kg2 Ne7 17.f3 Qc7 18.Bf2 Ng6 19.Be3
Rd8 20.Qf2 Nf4+ 21.Bxf4 gxf4 22.Qh4 Bg7 23.Qh5 Kf8 24.Qh4 Bg8
25.a3 b5 26.Qf2 Be6 27.Qxc5+ Kf7 28.Nxg7 Kxg7 29.Qf2 h5 30.Rh1
Rh6 31.Ne2 c5 32.Nc3 Qc8 33.Ne2 Kf7 34.Nc3 Rg8 35.Rdg1 Rgg6 36.Kf1
hxg4 37.hxg4 Qh8 38.Qg2 c4 39.Rxh6 Rxh6 40.Qd2 Rh2 41.Ne2 Qh3+
42.Ke1 Qxf3 0-1

[Event "Moscow Open 2009 A"]
[Site ""]
[Date "2009.02.06"]
[Round "7.25"]
[White "Fedorov, Alexei"]
[Black "Bezgodov, Alexei"]
[Result "0-1"]
[WhiteElo "2619"]
[BlackElo "2475"]
[Annotator ""]
[Source ""]
[Remark ""]

1.e4 e5 2.Nf3 Nc6 3.Bc4 Bc5 4.O-O d6 5.c3 Nf6 6.d4 Bb6 7.Qd3
Bg4 8.Nbd2 O-O 9.h3 Bh5 10.Re1 exd4 11.Nxd4 Ne5 12.Qg3 Re8 13.Bf1
Bg6 14.Kh1 d5 15.f4 Nh5 16.Qf2 c5 17.N4b3 Qf6 18.f5 dxe4 19.Nxe4
Qxf5 20.Qxf5 Bxf5 21.Nd6 Ng3+ 22.Kh2 Nxf1+ 23.Rxf1 Bd3 24.Nxe8
Bxf1 25.Bf4 Rxe8 26.Rxf1 Nd3 27.Bd6 Re6 28.Bg3 Nxb2 29.Rf5 Na4
30.c4 h6 31.Rd5 Re4 32.Rd7 Rxc4 33.Rxb7 Rc2 34.Bb8 c4 35.Na5 0-1

[Event "Moscow Open 2009 A"]
[Site ""]
[Date "2009.02.06"]
[Round "7.26"]
[White "Smirnov, Pavel"]
[Black "Kim, Alexey"]
[Result "0-1"]
[WhiteElo "2579"]
[BlackElo "2470"]
[Annotator ""]
[Source ""]
[Remark ""]

1.e4 c5 2.Nf3 e6 3.d4 cxd4 4.Nxd4 Nc6 5.Nc3 Qc7 6.Be2 Nf6 7.O-O
Be7 8.Be3 O-O 9.f4 d6 10.Ndb5 Qb8 11.a4 a6 12.Nd4 Re8 13.a5 Bd8
14.Nb3 b5 15.Bf3 Bb7 16.g4 Bc7 17.Qd2 Nd7 18.Qg2 b4 19.Ne2 Qd8
20.Rfd1 Nxa5 21.Nxa5 Bxa5 22.Rxd6 Bc7 23.Rd2 Bb6 24.Qf2 Bxe3
25.Qxe3 Qc7 26.Rad1 Nf8 27.Ng3 Red8 28.Nh5 a5 29.f5 Rxd2 30.Rxd2
f6 31.e5 Bxf3 32.Qxf3 Qxe5 33.Kg2 Rc8 34.Re2 Qd6 35.g5 fxg5 36.Ng3
Qc6 37.Re4 Qd5 38.fxe6 Nxe6 39.Nf5 Rxc2+ 40.Kh3 Rc7 0-1

[Event "Moscow Open 2009 A"]
[Site ""]
[Date "2009.02.06"]
[Round "7.27"]
[White "Yemelin, Vasily"]
[Black "Krylov, Mikhail"]
[Result "1/2-1/2"]
[WhiteElo "2578"]
[BlackElo "2459"]
[Annotator ""]
[Source ""]
[Remark ""]

1.e4 e5 2.Nf3 Nc6 3.Bb5 a6 4.Ba4 Nf6 5.d3 b5 6.Bb3 Bc5 7.O-O
d6 8.c3 Be6 9.Re1 Bb6 10.h3 h6 11.Bxe6 fxe6 12.a4 Rb8 13.d4 O-O
14.Na3 exd4 15.axb5 axb5 16.cxd4 d5 17.exd5 Qxd5 18.Nc2 Rbd8
19.Qe2 Rfe8 20.Bf4 b4 21.Rac1 b3 22.Ne3 Qe4 23.Bg3 Rd7 24.Qb5
Nxd4 25.Nxd4 Bxd4 26.Qxb3 c5 27.Nc2 Qd5 28.Qxd5 Rxd5 29.Nxd4
cxd4 30.b4 e5 31.f3 Nd7 32.Rc7 g5 33.Ra1 d3 34.Rd1 e4 35.fxe4
Rxe4 36.Be1 d2 37.Bf2 Ne5 38.Rc5 Rxc5 39.bxc5 Nc4 40.c6 Re6 41.c7
Rc6 42.Bg3 Kf7 43.h4 Ke7 44.hxg5 hxg5 45.Kf2 Kd7 46.Ke2 Re6+
47.Kf2 Re8 48.Kf3 Kc8 49.Kf2 Kd7 50.Kf3 Re3+ 51.Kf2 Rc3 52.Bh2
Rc1 53.Ke2 Kc8 54.Rxd2 Nxd2 55.Kxd2 Rh1 56.Be5 Rg1 57.g3 Kd7
58.Ke2 Rc1 59.g4 Rc5 60.Bg3 Rc4 61.Kf3 Rc3+ 62.Kg2 Ke6 63.Kf2
Kd5 64.Kg2 Ke4 65.Bd6 Rc6 66.Kf2 Rc4 67.Kg2 Rc3 68.Kf2 Rc1 69.Kg2
Ke3 70.Be5 Ke4 71.Bd6 Rc4 72.Kf2 Rc3 73.Kg2 Ke3 74.Kg3 Ke2+ 75.Kg2
Rc4 76.Kg3 Ke3 77.Be7 Ke4 78.Bd8 Rc3+ 79.Kg2 1/2-1/2

[Event "Moscow Open 2009 A"]
[Site ""]
[Date "2009.02.06"]
[Round "7.28"]
[White "Khairullin, Ildar"]
[Black "Shvedchikov, Anatoli I"]
[Result "1-0"]
[WhiteElo "2574"]
[BlackElo "2409"]
[Annotator ""]
[Source ""]
[Remark ""]

1.d4 d5 2.c4 c6 3.Nf3 Nf6 4.Qb3 g6 5.Nc3 Bg7 6.cxd5 cxd5 7.Bg5
e6 8.Qa3 h6 9.Bf4 Qb6 10.Bd6 Bf8 11.Bxf8 Rxf8 12.e3 Bd7 13.Ne5
Nc6 14.Nb5 O-O-O 15.Nxf7 Ne4 16.Nxd8 Qxd8 17.Bd3 a6 1-0

[Event "Moscow Open 2009 A"]
[Site ""]
[Date "2009.02.06"]
[Round "7.29"]
[White "Ipatov, Alexander"]
[Black "Deviatkin, Andrei"]
[Result "0-1"]
[WhiteElo "2493"]
[BlackElo "2566"]
[Annotator ""]
[Source ""]
[Remark ""]

1.d4 d5 2.c4 c6 3.Nc3 Nf6 4.e3 e6 5.Nf3 Nbd7 6.Qc2 Bd6 7.b3 Qe7
8.Be2 O-O 9.O-O b6 10.Bb2 Bb7 11.Rad1 Rad8 12.Rfe1 c5 13.cxd5
exd5 14.Qf5 Qe6 15.Qg5 h6 16.Qh4 Rfe8 17.dxc5 bxc5 18.b4 d4 19.bxc5
Bxf3 20.gxf3 Bxc5 21.Na4 Qxa2 22.Nxc5 Qxb2 23.Na4 Qc2 24.Qxd4
Nf8 25.Qa1 Ne6 26.Rc1 Qg6+ 27.Kh1 Qf5 28.Nc3 Ng5 29.f4 Nh3 30.Kg2
Ng4 31.Qb1 Qh5 32.Ne4 Nxf4+ 33.exf4 Qxh2+ 34.Kf3 Qh3+ 0-1

[Event "Moscow Open 2009 A"]
[Site ""]
[Date "2009.02.06"]
[Round "7.30"]
[White "Zubarev, Alexander"]
[Black "Orlinkov, Maxim L"]
[Result "1-0"]
[WhiteElo "2566"]
[BlackElo "2385"]
[Annotator ""]
[Source ""]
[Remark ""]

1.e4 g6 2.d4 Bg7 3.c4 d6 4.Nc3 e5 5.Nge2 Nc6 6.Be3 Nh6 7.d5 Ne7
8.f3 f5 9.Qd2 Nf7 10.O-O-O O-O 11.Kb1 Kh8 12.Rg1 Ng8 13.g4 f4
14.Bf2 Bf6 15.Qe1 Bd7 16.h4 g5 17.h5 Be7 18.Nc1 Nf6 19.Be2 Qb8
20.Rd2 a6 21.Qd1 b6 22.Nd3 Rc8 23.b3 Nd8 24.Rb2 c5 25.dxc6 Nxc6
26.Ne1 Be6 27.Nd5 Bd8 28.Nd3 Nd7 29.N3b4 Nxb4 30.Nxb4 Nf6 31.Rc2
a5 32.Nd5 Nxd5 33.exd5 Bd7 34.Qd3 Bf6 35.Qe4 Re8 36.Bd3 Re7 37.a3
Bc8 38.Rgc1 Rea7 39.Rb2 Kg8 40.Rcc2 Bd8 41.Kc1 Re7 42.Kd2 Raa7
43.Ke2 Qa8 44.Kf1 Rab7 45.Kg2 Ra7 46.Kh2 Bc7 47.Rc3 Bd8 48.Rbc2
Bc7 49.b4 axb4 50.axb4 Ra4 51.c5 bxc5 52.bxc5 dxc5 53.Rc4 Rxc4
54.Bxc4 Bd6 55.Bxc5 Qb8 56.Ra2 Rb7 57.Bxd6 Qxd6 58.Ra8 Qc5 59.Rxc8+
Qxc8 60.d6+ Kf8 61.Qd5 1-0

[Event "Moscow Open 2009 A"]
[Site ""]
[Date "2009.02.06"]
[Round "7.31"]
[White "Iljushin, Alexei"]
[Black "Tregubov, Andrei"]
[Result "1/2-1/2"]
[WhiteElo "2564"]
[BlackElo "2374"]
[Annotator ""]
[Source ""]
[Remark ""]

1.d4 Nf6 2.c4 e6 3.g3 Bb4+ 4.Bd2 Qe7 5.Bg2 Nc6 6.Nf3 Bxd2+ 7.Nbxd2
d6 8.O-O O-O 9.e4 e5 10.d5 Nb8 11.Ne1 a5 12.Nd3 Na6 13.f4 Ng4
14.Qe2 Nb4 15.h3 Nxd3 16.Qxd3 Nh6 17.f5 f6 18.g4 a4 19.b4 axb3
20.axb3 Bd7 21.b4 Nf7 22.Qc3 Rfc8 23.Rfc1 Qf8 24.Bf1 g6 25.Bg2
Rxa1 26.Rxa1 Ra8 27.Rf1 Ra2 28.fxg6 hxg6 29.Rxf6 Qh6 30.Rf2 Qh4
31.c5 Be8 32.cxd6 cxd6 33.Qe3 Ng5 34.Qc3 Nf7 35.Qc8 Kf8 36.Qc1
Qg5 37.Qe1 Rc2 38.Bf1 Ke7 39.Nb3 Rc7 40.b5 b6 41.Kg2 Bd7 42.Kg3
Rc8 43.Qd2 Qxd2 44.Nxd2 Rc3+ 45.Kh2 Rc2 46.Kg2 Rb2 47.Nf3 Rb4
48.Nh4 Nh8 49.Ra2 Bxb5 50.Bxb5 Rxb5 51.Ra7+ Kf6 52.Nf3 Nf7 53.h4
g5 54.h5 Rb3 55.Rd7 b5 56.h6 Rc3 57.h7 Rc8 58.Rb7 Rh8 59.Rxb5
Rxh7 1/2-1/2

[Event "Moscow Open 2009 A"]
[Site ""]
[Date "2009.02.06"]
[Round "7.32"]
[White "Sjugirov, Sanan"]
[Black "Matinian, Nikita"]
[Result "1-0"]
[WhiteElo "2562"]
[BlackElo "2361"]
[Annotator ""]
[Source ""]
[Remark ""]

1.e4 c5 2.Nf3 d6 3.d4 cxd4 4.Nxd4 Nf6 5.Nc3 g6 6.Be3 Bg7 7.f3
Nc6 8.Qd2 h5 9.O-O-O Bd7 10.Bc4 Na5 11.Be2 a6 12.Kb1 b5 13.Bg5
Rc8 14.Rhe1 O-O 15.Bh6 e5 16.Bxg7 Kxg7 17.Nb3 Nc4 18.Bxc4 bxc4
19.Nc1 Rc6 20.N1e2 Qb6 21.Ka1 Rb8 22.Rb1 Qb7 23.Nd1 Rb6 24.Nec3
Be6 25.Qg5 a5 26.a3 Nh7 27.Qe3 Nf6 28.Rf1 Qc7 29.Re1 Qb7 30.Re2
Qc7 31.Rd2 Rd8 32.Qg5 d5 33.exd5 Nxd5 34.Nxd5 Rxd5 35.Rxd5 Bxd5
36.Nc3 Be6 37.Re1 f6 38.Qe3 Bf7 39.g4 hxg4 40.fxg4 Qd8 41.g5
Qd4 42.gxf6+ Rxf6 43.Qxe5 Qxe5 44.Rxe5 Rf2 45.Re2 Rxe2 46.Nxe2
Kf6 47.Kb1 Ke5 48.Kc1 Ke4 49.Kd2 Kf3 50.Nd4+ Kg2 51.Ke3 Kxh2
52.Kf4 Kg2 53.Nc6 a4 54.Ne5 Bg8 55.Nxg6 Bh7 56.Ne5 Bxc2 57.Ke3
Bb3 58.Kd4 Kf2 59.Nxc4 Ke2 60.Kc3 Kd1 61.Nd2 Bc2 62.b4 axb3 63.Nxb3
Be4 64.a4 Bc6 65.a5 Bb5 66.Kb4 Ba6 67.Kc5 Kc2 68.Nd4+ Kd3 69.Nb5
Bb7 70.Nd6 Ba8 71.a6 Kc3 72.Nb5+ Kb3 73.Nc7 1-0

[Event "Moscow Open 2009 A"]
[Site ""]
[Date "2009.02.06"]
[Round "7.33"]
[White "Danin, Alexandre"]
[Black "Zherebukh, Yaroslav"]
[Result "1/2-1/2"]
[WhiteElo "2465"]
[BlackElo "2558"]
[Annotator ""]
[Source ""]
[Remark ""]

1.e4 e5 2.Nf3 Nc6 3.d4 exd4 4.Nxd4 Bc5 5.Nxc6 Qf6 6.Qf3 bxc6
7.Qg3 d6 8.Nc3 Ne7 9.Be2 Qg6 10.O-O Qxg3 11.hxg3 f5 12.Bh5+ Ng6
13.Bg5 O-O 14.Na4 Bb6 15.Nxb6 axb6 16.Rfe1 fxe4 17.Bxg6 hxg6
18.Rxe4 Bf5 19.Re7 Rf7 20.Rae1 Rxe7 21.Rxe7 Rxa2 22.Rxc7 c5 23.c3
Rxb2 24.Bf4 d5 25.Be5 Re2 26.Bxg7 b5 27.Bh6 c4 28.Rg7+ Kh8 29.Rb7
Rb2 30.Be3 Kg8 31.Bd4 Kf8 32.Kh2 Ke8 33.f3 Bd3 34.Kh3 Bf1 35.Kg4
b4 36.cxb4 Rd2 37.Bf6 d4 38.b5 c3 39.b6 Rb2 40.Re7+ Kf8 41.b7
c2 42.Rc7 Rxb7 43.Rxc2 d3 44.Ra2 Kf7 45.Be5 Rd7 46.Bf4 Rd4 47.Kh3
Rc4 48.Kg4 Rd4 49.Kh3 Rc4 50.Ra1 Be2 51.Ra7+ Ke8 52.Ra8+ Kf7
53.Rd8 Bf1 54.Kg4 Rc3 55.Rd7+ Ke8 56.Rd6 Bxg2 57.Rxg6 d2 58.Bxd2
Bxf3+ 59.Kf4 Rb3 60.Rg7 Bd5 61.Rc7 Rf3+ 62.Kg4 Rf7 63.Rc5 Be6+
64.Kg5 Kd7 65.Bc3 Rf8 66.Bg7 Rc8 67.Ra5 Rc2 68.Be5 Ra2 69.Rc5
Ke7 70.Kg6 Ra4 71.Bf4 Rc4 72.Ra5 Rc8 73.Bg5+ Kd6 74.Bf6 Rg8+
75.Bg7 Bd5 76.g4 Ra8 77.Rb5 Kc6 78.Rb2 Ra2 79.Rb8 Rg2 80.Rb4
Bf3 81.g5 Bd1 82.Bf6 Bc2+ 83.Kg7 Kc5 84.Be7+ Kd5 85.Rb6 Be4 86.g6 1/2-1/2

[Event "Moscow Open 2009 A"]
[Site ""]
[Date "2009.02.06"]
[Round "7.34"]
[White "Popov, Ivan"]
[Black "Demidov, Mikhail"]
[Result "1-0"]
[WhiteElo "2541"]
[BlackElo "2288"]
[Annotator ""]
[Source ""]
[Remark ""]

1.e4 e6 2.d4 d5 3.Nc3 Nf6 4.Bg5 Be7 5.e5 Nfd7 6.Bxe7 Qxe7 7.f4
a6 8.Nf3 c5 9.Qd2 Nc6 10.dxc5 Qxc5 11.Bd3 b5 12.a3 Bb7 13.Qf2
Rc8 14.Qxc5 Nxc5 15.Ne2 f6 16.Ned4 Nxd4 17.Nxd4 fxe5 18.fxe5
Ke7 19.O-O h6 20.Be2 Bc6 21.Rf3 Bd7 22.h4 Rcf8 23.Rg3 Rhg8 24.Rf1
Rxf1+ 25.Kxf1 Rf8+ 26.Ke1 g5 27.hxg5 Ne4 28.Rh3 hxg5 29.Rh7+
Rf7 30.Rxf7+ Kxf7 31.Bd3 Nc5 32.g4 Kg7 33.Kd2 Bc8 34.Kc3 Na4+
35.Kb4 Nxb2 36.Kc5 Kf7 37.Kd6 Ke8 38.Bg6+ Kf8 39.Kc7 Nc4 40.Nc6
Ne3 41.Kxc8 Nxg4 42.Kd7 Kg7 43.Bd3 Ne3 44.Nd4 g4 45.Nxe6+ Kh6
46.Nf4 Kg5 47.e6 Kxf4 48.e7 g3 49.e8Q g2 50.Qf8+ Kg3 51.Qd6+
Kf3 52.Qf6+ Kg3 53.Qg5+ Ng4 54.Bf5 g1Q 55.Qxg4+ 1-0

[Event "Moscow Open 2009 A"]
[Site ""]
[Date "2009.02.06"]
[Round "7.35"]
[White "Gubajdullin, Alexei"]
[Black "Rakhmanov, Aleksandr"]
[Result "1/2-1/2"]
[WhiteElo "2454"]
[BlackElo "2541"]
[Annotator ""]
[Source ""]
[Remark ""]

1.Nf3 c5 2.g3 g6 3.Bg2 Bg7 4.O-O Nc6 5.c3 d5 6.d4 cxd4 7.cxd4
e6 8.Nc3 Nge7 9.Bf4 O-O 10.h4 Nf5 11.e3 Nd6 12.Rc1 Qe7 13.Ne5
Bd7 14.Nxd7 Qxd7 15.Bh3 f5 16.Na4 b6 17.Re1 Rac8 18.b3 Na5 19.Re2
Rxc1 20.Qxc1 Rc8 21.Rc2 Rxc2 22.Qxc2 Bf8 23.Bf1 Nf7 24.Nb2 Bd6
25.Nd3 Qc6 26.Qd1 Nb7 27.g4 Be7 28.gxf5 gxf5 29.Ne5 Nxe5 30.Bxe5
Bd6 31.Bf6 Qe8 32.h5 1/2-1/2

[Event "Moscow Open 2009 A"]
[Site ""]
[Date "2009.02.06"]
[Round "7.36"]
[White "Kuporosov, Viktor"]
[Black "Kharitonov, Alexandr"]
[Result "1/2-1/2"]
[WhiteElo "2422"]
[BlackElo "2537"]
[Annotator ""]
[Source ""]
[Remark ""]

1.e4 c6 2.d3 d5 3.Nd2 e5 4.Ngf3 Bd6 5.d4 exd4 6.exd5 Nf6 7.dxc6
Nxc6 8.Be2 Bc5 9.O-O O-O 10.Nb3 Bb6 11.Bg5 a5 12.Nbd2 Bc5 13.Ne4
Be7 14.Bxf6 Bxf6 15.Bb5 Bd7 1/2-1/2

[Event "Moscow Open 2009 A"]
[Site ""]
[Date "2009.02.06"]
[Round "7.37"]
[White "Sargissian, Gabriel"]
[Black "Aldokhin, Ivan"]
[Result "1-0"]
[WhiteElo "2677"]
[BlackElo "2251"]
[Annotator ""]
[Source ""]
[Remark ""]

1.d4 Nf6 2.c4 e6 3.Nf3 c5 4.d5 exd5 5.cxd5 d6 6.Nc3 g6 7.h3 Bg7
8.e4 O-O 9.Bd3 b5 10.Nxb5 Nxe4 11.Bxe4 Re8 12.Ng5 f5 13.O-O fxe4
14.Re1 Bf5 15.g4 h6 16.gxf5 hxg5 17.fxg6 Qd7 18.Qh5 Qxb5 19.Bxg5
Qd7 20.Qh7+ Kf8 21.Re3 Qf5 22.Bh6 Bxh6 23.g7+ 1-0

[Event "Moscow Open 2009 A"]
[Site ""]
[Date "2009.02.06"]
[Round "7.38"]
[White "Li, Chao B"]
[Black "Vorotnikov, Vladislav V"]
[Result "1-0"]
[WhiteElo "2628"]
[BlackElo "2421"]
[Annotator ""]
[Source ""]
[Remark ""]

1.e4 e5 2.Nf3 Nc6 3.Bc4 d6 4.O-O g6 5.c3 Bg7 6.d4 Qe7 7.b4 exd4
8.cxd4 Bg4 9.Be3 Nf6 10.Nc3 Nxe4 11.Nxe4 Qxe4 12.Qb3 Bxf3 13.Bxf7+
Kf8 14.gxf3 Qh4 15.Rac1 Nxd4 16.Bxd4 Bxd4 17.Rxc7 Kg7 18.Qe6
Kh6 19.Qxd6 Qg5+ 20.Qg3 Be5 21.Qxg5+ Kxg5 22.Rxb7 Rhb8 23.Rd7
Rxb4 24.Re1 Bf4 25.Bd5 Rab8 26.Rxh7 Bd6 27.Re6 Rd8 28.Be4 1-0

[Event "Moscow Open 2009 A"]
[Site ""]
[Date "2009.02.06"]
[Round "7.39"]
[White "Borisenko, Andrei"]
[Black "Volkov, Sergey"]
[Result "1/2-1/2"]
[WhiteElo "2415"]
[BlackElo "2627"]
[Annotator ""]
[Source ""]
[Remark ""]

1.e4 e6 2.d4 d5 3.e5 c5 4.c3 Qb6 5.Nf3 Bd7 6.Be2 Bb5 7.dxc5 Bxc5
8.b4 Bxe2 9.Qxe2 Bf8 10.Be3 Qa6 11.b5 Qa4 12.O-O Nd7 13.c4 Qxc4
14.Qxc4 dxc4 15.Rc1 Rc8 16.Nbd2 c3 17.Ne4 Ba3 18.Rc2 Ne7 19.Bc1
Bb4 20.a3 Bc5 21.Rxc3 O-O 22.Kf1 Bb6 23.Bb2 Rxc3 24.Bxc3 Rc8
25.Rc1 Nd5 26.Bb2 Rxc1+ 27.Bxc1 Nc5 28.Nd6 Nd3 29.Be3 Bxe3 30.fxe3
Nc5 31.Nc4 Kf8 32.Nd4 h6 33.Kf2 Ke7 34.Kf3 Nd7 35.Ke4 Nc5+ 36.Kf3
Nd7 37.Ke4 1/2-1/2

[Event "Moscow Open 2009 A"]
[Site ""]
[Date "2009.02.06"]
[Round "7.40"]
[White "Lavrik, Dmitry"]
[Black "Grigoriants, Sergey"]
[Result "1/2-1/2"]
[WhiteElo "2414"]
[BlackElo "2565"]
[Annotator ""]
[Source ""]
[Remark ""]

1.e4 c6 2.d4 d5 3.exd5 cxd5 4.c4 Nf6 5.Nc3 e6 6.Nf3 Bb4 7.cxd5
Nxd5 8.Bd2 Nc6 9.Bd3 Be7 10.O-O O-O 11.a3 Bf6 12.Qc2 g6 13.Bh6
Re8 14.Rad1 Nxc3 15.bxc3 Qd6 16.h4 Bd7 17.Qc1 Bg7 18.Bxg7 Kxg7
19.Ng5 Qe7 1/2-1/2

[Event "Moscow Open 2009 A"]
[Site ""]
[Date "2009.02.06"]
[Round "7.41"]
[White "Safarli, Eltaj"]
[Black "Chernobay, Artem"]
[Result "1-0"]
[WhiteElo "2564"]
[BlackElo "2414"]
[Annotator ""]
[Source ""]
[Remark ""]

1.e4 c5 2.Nf3 g6 3.c3 d5 4.exd5 Qxd5 5.d4 Bg7 6.Be3 cxd4 7.cxd4
Nf6 8.Nc3 Qd6 9.Bb5+ Bd7 10.O-O O-O 11.Rc1 Na6 12.Bc4 Nc7 13.Ne5
Be6 14.Be2 Ncd5 15.Bg5 Rac8 16.Bf3 Nxc3 17.bxc3 Bd5 18.Re1 Rfd8
19.h4 Qa3 20.Bxd5 Nxd5 21.c4 Nf6 22.Qd2 a6 23.d5 Qd6 24.Rcd1
Qc5 25.Qe2 h6 26.Nxf7 hxg5 27.Nxd8 Rxd8 28.hxg5 Nh7 29.Qxe7 Qxe7
30.Rxe7 Nxg5 31.Rxb7 Ne4 32.Rb6 Rf8 33.Rxg6 Kh7 34.Rxa6 Nxf2
35.Re1 Kh8 36.Re7 Ng4 37.Re4 Ne5 38.c5 Nd3 39.c6 1-0

[Event "Moscow Open 2009 A"]
[Site ""]
[Date "2009.02.06"]
[Round "7.42"]
[White "Efanov, Nikolai"]
[Black "Maslak, Konstantin"]
[Result "0-1"]
[WhiteElo "2411"]
[BlackElo "2541"]
[Annotator ""]
[Source ""]
[Remark ""]

1.e4 c5 2.Nf3 e6 3.b3 a6 4.Bb2 Nc6 5.c4 Nf6 6.Nc3 Qc7 7.g3 Nd4
8.Bg2 h5 9.h4 d6 10.O-O Bd7 11.d3 Be7 12.Nh2 Bc6 13.f4 b5 14.Ne2
bxc4 15.Nxd4 cxd4 16.Bxd4 e5 17.Bf2 cxd3 18.Re1 O-O 19.Qxd3 Qb7
20.Rac1 Rfc8 21.Bh3 Re8 22.fxe5 dxe5 23.Bf5 Bb4 24.Red1 Bxe4
25.Bxe4 Qxe4 26.Qf1 a5 27.Rc4 Qg6 28.Qe2 e4 29.Kg2 Rad8 30.Rxd8
Rxd8 31.Nf1 Re8 32.Ne3 Ng4 33.Nxg4 hxg4 34.Be3 Qe6 35.Qc2 Bd6
36.Rc6 Qf5 37.Qf2 Qf3+ 38.Kh2 Re6 39.Rc8+ Kh7 40.Qg1 Re5 41.Rc6
Rh5 42.Bg5 Bf4 0-1

[Event "Moscow Open 2009 A"]
[Site ""]
[Date "2009.02.06"]
[Round "7.44"]
[White "Geller, Jakov"]
[Black "Hovhannisyan, Robert"]
[Result "1/2-1/2"]
[WhiteElo "2523"]
[BlackElo "2402"]
[Annotator ""]
[Source ""]
[Remark ""]

1.c4 Nf6 2.Nc3 e5 3.a3 c6 4.d4 exd4 5.Qxd4 d5 6.Bg5 dxc4 7.Qxc4
Be6 8.Qh4 Be7 9.e4 Nbd7 10.Nf3 h6 11.Nd4 Qb6 12.Nxe6 fxe6 13.O-O-O
O-O-O 14.Bd2 Nc5 15.Bc4 Nb3+ 16.Bxb3 Qxb3 17.Qg3 Rd7 18.Qe5 Ng4
19.Qg3 h5 20.h3 Nf6 21.Qe3 b6 22.Qe2 Kb7 23.Bg5 Rhd8 24.Rxd7+
Rxd7 25.Rd1 Rxd1+ 26.Qxd1 Qxd1+ 27.Kxd1 Kc7 28.Ke2 Kd7 29.f4
Bc5 30.Kd3 Nh7 31.Bh4 e5 32.f5 Bd4 33.g4 hxg4 34.hxg4 Nf6 35.g5
Nh5 36.g6 Bc5 37.b4 Bf8 38.Bg5 Bd6 39.Nd1 Be7 40.Bxe7 Kxe7 41.Ne3
Nf6 42.a4 Nd7 43.Ng4 a6 44.Kc3 Kf8 45.Nf2 Ke7 46.Nd3 Kd6 47.Kd2
Ke7 48.Ke3 Kd6 49.Kf3 Ke7 50.Nf2 b5 51.axb5 axb5 52.Ng4 Kf8 53.Nf2
c5 54.bxc5 Nxc5 55.Ke3 b4 56.Kd2 Ke7 57.Ke3 b3 58.Kd2 Kf6 59.Kc3
Nxe4+ 60.Nxe4+ Kxf5 61.Nd2 Kxg6 62.Nxb3 Kf5 63.Kd3 1/2-1/2

[Event "Moscow Open 2009 A"]
[Site ""]
[Date "2009.02.06"]
[Round "7.45"]
[White "Zhumabayev, Rinat"]
[Black "Gagarin, Vasilij"]
[Result "1-0"]
[WhiteElo "2522"]
[BlackElo "2392"]
[Annotator ""]
[Source ""]
[Remark ""]

1.d4 d5 2.Nf3 Nf6 3.c4 c6 4.Nc3 e6 5.Bg5 h6 6.Bxf6 Qxf6 7.e3
Nd7 8.Qc2 Bd6 9.Bd3 O-O 10.O-O Qe7 11.a3 dxc4 12.Bxc4 e5 13.h3
Nf6 14.dxe5 Bxe5 15.Ne2 Bc7 16.Nf4 Re8 17.Rfe1 Ne4 18.Rac1 Bd7
19.Qb3 Rab8 20.Qc2 Rbd8 21.Rcd1 Bc8 22.Rxd8 Bxd8 23.Bd3 Bc7 24.Ne2
Ng5 25.Ned4 Nxf3+ 26.Nxf3 Qf6 27.Be4 Rd8 28.Rc1 Bb6 29.Nd2 Be6
30.b4 Qg5 31.Nf3 Qe7 32.Rb1 Qd7 33.a4 a6 34.Qe2 g6 35.h4 Bg4
36.Qc4 Be6 37.Qe2 Bg4 38.Qc4 Be6 39.Qc1 Bd5 40.Qc2 Qe6 41.Nd2
f5 42.Bxd5 Qxd5 43.Nf3 Kf7 44.Qc3 Bc7 45.b5 axb5 46.axb5 c5 47.b6
Bb8 48.Rc1 Qd6 49.Qb3+ Qd5 50.Qc2 Qd6 51.h5 Qxb6 52.Nh4 gxh5
53.Qxf5+ Qf6 54.Qxh5+ Kg8 55.Nf5 Kh7 56.g3 Rd5 57.e4 Re5 58.Rd1
Re6 59.Nxh6 Qg6 60.Rd7+ Kh8 61.Nf7+ 1-0